=LDR 00000nam 2200000 4500 =001 INLIS000000000038506 =005 20130612144155 =008 ***********************************Ind** =035 ##$$a0010-061300000038506 =041 ##$$a Ind =082 ##$$a 650 =090 ##$$a 650, Eko j =100 ##$$a Ekotama, Suryono =245 ##$$a Jurus jitu memilih, Bisnis Franchise, Ekotama Suryono; Penyunting, Namara =260 ##$$a 2010 $b Yogyakarta =300 ##$$a 199 hlm, Ilus, 24 cm =650 ##$$a Bisnis =700 ##$$a Namaka =850 ##$$a NBPNMAT =990 ##$$a 0001/BPAP-NTB/20142014